000 00347nam a2200133Ia 4500
008 240624s9999 xx 000 0 und d
041 _aeng
082 _a658.88 JOS
100 _aJOSEPH CIBY
245 _aADVANCED CREDIT RISK ANALYSIS AND MANAGE
260 _c2013
_aNew Delhi
_bWiley
300 _axviii, : 427 : p. : cm. ; 23
365 _cRS
_b31
999 _c23022
_d23022